00326nam a2200133Ia 4500008004100000041000800041082001900049100002000068245004200088260001800130300000800148365001600156700002000172230718s9999 xx 000 0 und d aeng a621.319'2bSAT aSatyanarayan S. aNetwork Theory Analysis And Synthesis bTechnical pub a482 cRs.b165.00 aSatyanarayan S.